LEADER 01122nam 2200409 450 001 9910468012603321 005 20200128080454.0 010 $a1-68325-437-6 035 $a(CKB)4340000000194576 035 $a(MiAaPQ)EBC4946474 035 $a(Au-PeEL)EBL4946474 035 $a(CaPaEBR)ebr11424523 035 $a(OCoLC)1001374667 035 $a(EXLCZ)994340000000194576 100 $a20200128d2017 uy 0 101 0 $aspa 135 $aurcnu|||||||| 181 $ctxt$2rdacontent 182 $cc$2rdamedia 183 $acr$2rdacarrier 200 13$aEl ce?spedes ornamentales /$fAngelo Vavassori 210 1$a[Place of publication not identified] :$cEditorial De Vecchi,$d[2017] 210 4$dİ2017 215 $a1 online resource (73 pages) 311 $a84-315-3638-1 606 $aGrasses 608 $aElectronic books. 615 0$aGrasses. 676 $a633.2 700 $aVavassori$b Angelo$0998615 801 0$bMiAaPQ 801 1$bMiAaPQ 801 2$bMiAaPQ 906 $aBOOK 912 $a9910468012603321 996 $aEl ce?spedes ornamentales$92290791 997 $aUNINA LEADER 02048nas 2200625 a 450 001 996210677703316 005 20240413012240.0 011 $a1873-5959 035 $a(OCoLC)38995440 035 $a(CKB)954921376718 035 $a(CONSER) 2003233425 035 $a(DE-599)ZDB2010248-3 035 $a(EXLCZ)99954921376718 100 $a19980422a19829999 sy a 101 0 $aeng 135 $aurmnu||||| 181 $ctxt$2rdacontent 182 $cc$2rdamedia 183 $acr$2rdacarrier 200 10$aInsurance, mathematics & economics 210 $aAmsterdam $cNorth-Holland$dc1982- 300 $aPublished: [Amsterdam] : Elsevier Science, <1995-> 300 $aTitle from contents screen (ScienceDirect, viewed Dec. 9, 2003). 300 $aRefereed/Peer-reviewed 311 $a0167-6687 517 $aInsurance, mathematics & economics 517 3 $aInsurance, mathematics and economics 517 $aInsurance: Mathematics and Economics 517 $aInsurance: Mathematics & Economics 531 $aINSURANCE 531 $aINSURANCE MATHEMATICS AND ECONOMICS 531 $aINSURANCE MATH. ECONOM 531 $aINSUR MATH 531 $aINSUR MATH ECON 531 0 $aInsur., math. econ. 606 $aInsurance$xMathematics$vPeriodicals 606 $aActuaries$vPeriodicals 606 $aRisk (Insurance)$xMathematics$vPeriodicals 606 $aInsurance$vPeriodicals 606 $aAssurance$xMathe?matiques$xPe?riodiques 606 $aActuaires$vPe?riodiques 606 $aRisque (Assurance)$xMathe?matiques$xPe?riodiques 606 $aAssurance$xPe?riodiques 615 0$aInsurance$xMathematics 615 0$aActuaries 615 0$aRisk (Insurance)$xMathematics 615 0$aInsurance 615 6$aAssurance$xMathe?matiques$xPe?riodiques. 615 6$aActuaires 615 6$aRisque (Assurance)$xMathe?matiques$xPe?riodiques. 615 6$aAssurance$xPe?riodiques. 906 $aJOURNAL 912 $a996210677703316 996 $aInsurance$9439257 997 $aUNISA